| 000 | 00686 a2200205 4500 | ||
|---|---|---|---|
| 010 | _aENG-89817 | ||
| 020 |
_a9788175414112 _c950.00 |
||
| 035 | _aEN-73350 | ||
| 037 | _bDBAD / PUB | ||
| 082 | 1 | 4 | _a327.54094 |
| 090 |
_c11728 _d11728 |
||
| 245 | 1 |
_aIndia-Australia relations: _cedited by D. Gopal _bconvergences and divergences/ |
|
| 260 |
_aDelhi _bShipra Publications _c2008 |
||
| 270 |
_a115-A, Vikas Marg, Shakarpur _bDelhi _e110 092 |
||
| 300 |
_aviii, 384p. _c22 cm (pbk) |
||
| 500 | _aIncludes index | ||
| 700 | _aGopal, D. | ||
| 942 |
_adpl _cEN _k327.54094 / IND |
||
| 999 |
_c11401 _d11401 |
||